| 000 | 00614nam a22001697a 4500 | ||
|---|---|---|---|
| 005 | 20231110071802.0 | ||
| 008 | 231110b |||||||| |||| 00| 0 eng d | ||
| 020 | _a0702120510 | ||
| 041 | _aEnglish | ||
| 082 | _a346.1 SPI | ||
| 100 |
_aSpiro, E _lEnglish |
||
| 245 |
_aRecent Extra-Marital Child Legislation Annotated : _bbeing also a cumulative supplement to the foruth edition of Spiro's Law of Parent and Child / _cE Spiro |
||
| 260 |
_aCape Town : _bJuta and Company Ltd, _c1988 |
||
| 300 |
_bix, 20 pages ; _c25,5 cm. |
||
| 650 |
_aLegal practice _bLaw |
||
| 942 |
_cBK _6ALISON_BN_VRIES |
||
| 999 |
_c510 _d510 |
||